000 00733nam a22001337a 4500
040 _cRUA
082 _aAVM MEA 2011 B098 Or.1
100 _aMEAS BUNTHOEUN
245 _aMedication usage on diarrhea of suckling piglet in farm of chbarmon district, kampong speu province, (ការប្រើប្រាស់ឱសថលើជំងឺរាកកូនជ្រូកមិនទាន់ផ្ដាច់ដោះ នៅក្នុងកសិដ្ឋានស្រុកច្បារមន ខេត្តកំពង់ស្ពឺ)
260 _aphnom penh
_brua
_c2011
300 _aix, 49p.
_bill.
_c29cm.
856 _uhttps://drive.google.com/file/d/17oeXAZsyc9g6HsrjhAzGDEZ6Q4s3HaR5/view?usp=sharing
942 _cAVM
999 _c2499
_d2499